The Novel and Contemporary Experience in Africa (Record no. 8178)
[ view plain ]
| 000 -LEADER | |
|---|---|
| fixed length control field | 00393 a2200133 4500 |
| 020 ## - INTERNATIONAL STANDARD BOOK NUMBER | |
| International Standard Book Number | 0841903069 |
| 005 - DATE AND TIME OF LATEST TRANSACTION | |
| control field | 20191017171914.0 |
| 084 ## - OTHER CLASSIFICATION NUMBER | |
| Classification number | PR9344 .G3 |
| 245 ## - TITLE STATEMENT | |
| Title | The Novel and Contemporary Experience in Africa |
| Medium | |
| 260 ## - PUBLICATION, DISTRIBUTION, ETC. | |
| Place of publication, distribution, etc. | nyu |
| Name of publisher, distributor, etc. | Africana Pub. Co. |
| Date of publication, distribution, etc. | 1977 |
| 300 ## - PHYSICAL DESCRIPTION | |
| Extent | 136 p. |
| Other physical details | 23 cm. |
| Dimensions | 136 p. ; 23 cm. |
| 500 ## - GENERAL NOTE | |
| General note | Shatto Arthur Gakwandi. |
| 650 ## - SUBJECT ADDED ENTRY--TOPICAL TERM | |
| Topical term or geographic name entry element | African Literature |
| 700 ## - ADDED ENTRY--PERSONAL NAME | |
| Personal name | Gakwandi, Shatto Arthur. |
No items available.